000
00207 a2200097 4500
001
47309
100
_a
Milles W
245
_a
Arms and men
260
_a
New York
_b
G P putnam sons
_c
090
_c
30347
_d
30347
942
_a
NUST-CAE
_c
M
_c
22611
999
_c
282382
_d
282382